|
|
|
|
| LEADER |
00000cam a2200000 7i4500 |
| 001 |
0000000684 |
| 005 |
20010728.0 |
| 020 |
0 |
0 |
|a 9839518119
|
| 090 |
0 |
0 |
|a 634.920959
|b INT 2000
|
| 100 |
1 |
0 |
|a International Tropical Timber Organization (ITTO)
|
| 245 |
1 |
0 |
|a Operational plans for the conservation of tropical timber species in Southeast Asian countries
|c International Tropical Timber Organization (ITTO), Regional Centre for Forest Management (RCFM)
|
| 260 |
0 |
0 |
|a Yokohama, Japan :
|b International Tropical Timber Organization ,
|c 2000
|
| 300 |
|
|
|a x, 101 p. ;
|c 26 cm.
|
| 500 |
0 |
0 |
|a Bibliography: [p. 94]
|
| 650 |
0 |
0 |
|a Forest conservation
|z Asia, Southeastern
|
| 650 |
0 |
0 |
|a Forest genetic resources conservation
|z Asia, Southeastern
|
| 710 |
1 |
1 |
|a Regional Centre for Forest Management (RCFM)
|
| 998 |
|
|
|a JPSM
|
| 999 |
|
|
|a 0000001707
|b Monograph
|c Open Shelf
|e Default branch
|
| 999 |
|
|
|a 0000002646
|b Monograph
|c Open Shelf
|e Default branch
|